00373nam a2200145Ia 450000500170000000800410001702000150005804000080007308200130008110000190009424500380011325000080015126000490015930000190020820191029160320.0190125s9999 xx 000 0 und d a0139012168 cDLC a624bNUN aS. W. Nunnally aManaging Construction Equipment / a2nd bPrentice HallaUpper Saddler River, NJc2000 aviii, 399 p. :